| 000 | 01803nam a2200409 c 4500 | ||
|---|---|---|---|
| 999 |
_c103925 _d103925 |
||
| 003 | BLK | ||
| 005 | 20250802113402.0 | ||
| 008 | 180409b bul|||||r ||||||| ||bul|| | ||
| 010 | _aKNG00109009000 | ||
| 020 | _a954-446-747-5 | ||
| 020 | _a9789544467470 | ||
| 040 | _aBLK | ||
| 041 |
_aBUL _cBUL |
||
| 080 |
_aАфинитет, приятелство, любов, симпатия _b316.647.2 _x-053.5 _z316.647.2-053.5 |
||
| 080 |
_aПсихология на детската възраст. Интелектуално развитие на децата. Психически особености. Детски представи, описани в разкази _b159.922.7 |
||
| 139 |
_a[Уич] Witch Вълшебни идеи - Как да имаш много приятели _bУ 44 |
||
| 245 | 1 | 0 |
_a[Уич] Witch Вълшебни идеи - Как да имаш много приятели _cпрев. Светлана Николаева Комогорова. |
| 257 | _aUSA | ||
| 260 |
_bЕгмонт България _c2003 _fСофия : Балкан прес |
||
| 300 |
_a96 с. _bс ил. _c18 см |
||
| 380 | _aDN | ||
| 500 | _aОриг. загл. The Secret books - W.I.T.C.H. - frends. Изд. на Disney | ||
| 650 | 4 |
_aДеца - психология и възпитание _9247409 |
|
| 653 | _aWITCH | ||
| 653 | _aУИЧ | ||
| 653 | _aдетска литература | ||
| 653 | _aприятелство | ||
| 700 |
_aКомогорова, Светлана Николаева _9364272 |
||
| 852 | _aЦб І 31353 | ||
| 856 | 4 |
_qpdf _i0.00 _ldisable |
|
| 856 | 4 |
_qpdf _i0.00 _ldisable |
|
| 942 |
_cKNG _n0 _s1 _03 |
||
| 944 |
_aCR _c18.11.2003 _k30543 _lИва Цветкова |
||
| 944 |
_aED _c29.10.2004 |
||
| 999 | _d103925 | ||
| 999 | _d103925 | ||